| 000 | 00815nam a2200241 i 4500 | ||
|---|---|---|---|
| 001 | 118745 | ||
| 003 | ES-MaACL | ||
| 005 | 20251015063122.0 | ||
| 007 | t| | ||
| 008 | 070214s1978 sp r ||||1| spa d | ||
| 100 | 1 |
_aPiaget, Jean, _d1896-1980 _991738 |
|
| 245 | 1 | 0 |
_aInvestigaciones sobre la contradicción / _cpor Jean Piaget ; con la colaboración de A. Blanchet... [et al. ; traducción del francés de Juan Delval y Mario Carretero]. |
| 260 |
_aMadrid : _bSiglo Veintiuno, _c1978. |
||
| 300 |
_a345 p. ; _c21 cm. |
||
| 490 | 1 | _aPsicología | |
| 650 | 4 |
_aConocimiento. _911281 |
|
| 700 | 1 |
_aBlanchet, A. _929152 |
|
| 700 | 1 |
_aVal, Juan del. _9112426 |
|
| 700 | 1 |
_aCarretero, Mario. _935718 |
|
| 830 | 0 |
_aPsicología _9178186 |
|
| 852 |
_aES-MaACL _jA-8870 _bR.97979 |
||
| 999 |
_c118745 _d118745 |
||